000 00355cam a2200157ua 4500
020 _cRs.6/60
041 _aeng
_h
082 _a338.82
_bROB/MO
100 _aE.A.G. Robinson, Robinson .
245 _aMonoply
260 _a :
_bCambridge university ,
_c1959.
300 _a298 ; .
365 _aRs.6/60
504 _a
999 _c11235
_d11235